Aller au contenu

Что такое театр. Книжка для детей

Н.Н. Евреинов (1879-1953) — русский и французский режиссёр, драматург, создатель оригинальной теории театра, историк театрального искусства, философ и актёр, музыкант, художник и психолог. По мнению Евреинова, главное в театре — иллюзия, которая в первую очередь должна быть создана игрой актёров, а...

Description complète

Enregistré dans:
Détails bibliographiques
Auteur principal: Евреинов Н. Н.
Format: Книга
Langue:Russian
Publié: Санкт-Петербург Планета музыки 2025
Édition:2-е изд., испр.
Sujets:
Accès en ligne:https://e.lanbook.com/book/448607
https://e.lanbook.com/img/cover/book/448607.jpg
Tags: Ajouter un tag
Pas de tags, Soyez le premier à ajouter un tag!
LEADER 02618nam0a2200313 i 4500
001 448607
003 RuSpLAN
005 20241218125527.0
008 241218s2025 ru gs 000 0 rus
020 |a 978-5-507-52228-6 
040 |a RuSpLAN 
041 0 |a rus 
044 |a ru 
080 |a 792 
084 |a 85.334  |2 rubbk 
245 0 0 |a Что такое театр. Книжка для детей  |c Евреинов Н. Н. 
250 |a 2-е изд., испр. 
260 |a Санкт-Петербург  |b Планета музыки  |c 2025 
300 |a 72 с. 
504 |a Библиогр.: доступна в карточке книги, на сайте ЭБС Лань 
520 8 |a Н.Н. Евреинов (1879-1953) — русский и французский режиссёр, драматург, создатель оригинальной теории театра, историк театрального искусства, философ и актёр, музыкант, художник и психолог. По мнению Евреинова, главное в театре — иллюзия, которая в первую очередь должна быть создана игрой актёров, а не декорациями. Цель театра — реализовать идеальное и недосягаемое в жизни, не уходя при этом в обыденность. Книга впервые вышла в 1921 году. Издание предназначается педагогам, детям, родителям, а также всем любителям театра. N. N. Evreinov (1879–1953) was a Russian and French director, playwright, creator of an original theory of theater, theater historian, philosopher and actor, musician, artist, and psychologist. According to Evreinov, the main thing in theater is an illusion, which should be created primarily by the actors’ play, not by the scenery. The theater’s aim is to embody the ideal and the unattainable things in life, without going into the routine. The book was first published in 1921. The edition is intended for teachers, children, parents, and all theater lovers.  
521 8 |a Книга из коллекции Планета музыки - Музыка и театр 
653 0 |a театр 
653 0 |a Евреинов 
653 0 |a детский театр 
100 1 |a Евреинов Н. Н. 
856 4 |u https://e.lanbook.com/book/448607 
856 4 8 |u https://e.lanbook.com/img/cover/book/448607.jpg 
953 |a https://e.lanbook.com/img/cover/book/448607.jpg